Fides, spes, caritas : adnotationes in Tractatum de Virtutibus Theologicis /

Saved in:
Bibliographic Details
Main Author: Alfaro, Juan (autor)
Format: Book
Language:Latin
Published: Roma, Italia : Pontificia Università Gregoriana, 1964
Tags: Add Tag
No Tags, Be the first to tag this record!

MARC

LEADER 00000nam^a2200000^a^4500
001 000569223
005 20250521000000.0
009 20260310132203.148
037 |a Acervo Xavier Clavigero 
041 |a LAT 
091 |a FPA. 02517 
100 |a Alfaro, Juan  |e (autor) 
245 1 0 |a Fides, spes, caritas :  |b adnotationes in Tractatum de Virtutibus Theologicis / 
264 1 |a Roma, Italia :  |b Pontificia Università Gregoriana,  |c 1964 
300 |a 650 p. 
336 |a texto  |b txt  |2 rdacontenido 
337 |a sin mediación  |b n  |2 rdamedio 
338 |a volumen  |b nc  |2 rdasoporte 
649 |a XX 
910 |a Fondo José Ignacio Palencia Gómez S.J. 
920 |a Impresos - Libros 
930 |a Fondos Especiales 
905 |a 137 
901 |a 0500340274  |b IT2  |c ESL  |i D  |u 20250521 
902 |a https://opac.biblio.iteso.mx/vufind/Record/000569223